Ayub Khan, Pakistan's first Military Ruler / (Record no. 181149)
[ view plain ]
| 000 -LEADER | |
|---|---|
| fixed length control field | 00865 a2200229 4500 |
| 003 - CONTROL NUMBER IDENTIFIER | |
| control field | Nust |
| 005 - DATE AND TIME OF LATEST TRANSACTION | |
| control field | 20230206112801.0 |
| 010 ## - LIBRARY OF CONGRESS CONTROL NUMBER | |
| LC control number | 97178710 |
| 020 ## - INTERNATIONAL STANDARD BOOK NUMBER | |
| International Standard Book Number | 019577647X |
| 040 ## - CATALOGING SOURCE | |
| Transcribing agency | Nust |
| 082 00 - DEWEY DECIMAL CLASSIFICATION NUMBER | |
| Classification number | 954.9045,GAU |
| 100 1# - MAIN ENTRY--PERSONAL NAME | |
| Personal name | Gauhar, Altaf, |
| 9 (RLIN) | 46332 |
| 245 10 - TITLE STATEMENT | |
| Title | Ayub Khan, Pakistan's first Military Ruler / |
| Statement of responsibility, etc. | Altaf Gauhar. |
| 260 ## - PUBLICATION, DISTRIBUTION, ETC. | |
| Place of publication, distribution, etc. | Oxford ; |
| -- | New York : |
| Name of publisher, distributor, etc. | Oxford University Press, |
| Date of publication, distribution, etc. | 1996. |
| 300 ## - PHYSICAL DESCRIPTION | |
| Extent | 380 p. : |
| Other physical details | ill. ; |
| Dimensions | 23 cm. |
| 505 ## - FORMATTED CONTENTS NOTE | |
| Formatted contents note | Part.1 Dedication (Page-5), Part.2 With the Benefit of Hindsight (Page-67), Part.3 Pakistan Adventure in Kashmir (Page-307). |
| 600 20 - SUBJECT ADDED ENTRY--PERSONAL NAME | |
| Personal name | Ayub Khan, Mohammad, |
| Dates associated with a name | 1907-1974. |
| 9 (RLIN) | 101674 |
| 650 #0 - SUBJECT ADDED ENTRY--TOPICAL TERM | |
| Topical term or geographic name entry element | Presidents |
| Geographic subdivision | Pakistan |
| General subdivision | Biography. |
| 9 (RLIN) | 101675 |
| 651 #0 - SUBJECT ADDED ENTRY--GEOGRAPHIC NAME | |
| Geographic name | Pakistan |
| General subdivision | Politics and government. |
| 856 42 - ELECTRONIC LOCATION AND ACCESS | |
| Materials specified | Publisher description |
| Uniform Resource Identifier | <a href="http://www.loc.gov/catdir/enhancements/fy0606/97178710-d.html">http://www.loc.gov/catdir/enhancements/fy0606/97178710-d.html</a> |
| 942 ## - ADDED ENTRY ELEMENTS (KOHA) | |
| Source of classification or shelving scheme | |
| Koha item type | Book |
| Withdrawn status | Lost status | Source of classification or shelving scheme | Damaged status | Not for loan | Permanent Location | Current Location | Shelving location | Date acquired | Shelving control number | Total Checkouts | Full call number | Barcode | Date last seen | Date last checked out | Price effective from | Koha item type | Public note |
|---|---|---|---|---|---|---|---|---|---|---|---|---|---|---|---|---|---|
| Military College of Signals (MCS) | Military College of Signals (MCS) | General Stacks | 12/12/2016 | Pakistan History | 1 | 954.9045,GAU | MCS1970 | 05/23/2023 | 04/19/2023 | 12/12/2016 | Book | Almirah No.62, Shelf No.1 |
